Ernest Psichari odtlačok z revue Prameň

Bibliographic Details
Main Author: Lepáček, Celestín Alojz, 1905-1955 (Author)
Format: Book
Language:Slovak
PhysicalDescription:71 s. portrét 24 cm
Published: Trnava František Urbánek 1937
Series:Knižnica časopisu Prameň
Subjects:

MARC

LEADER 00000cam a2200000 a 4500
001 vtls008382742
003 SK-MaSNL
005 20260301182027.0
008 250313s1937 xo c g 000 0 slo
015 |a SNBA19191938-006412 
035 |a SK01SNKBSKHR20010074959 
035 |a urn:nbn:sk:snk-am3hjxe 
035 |a DD2B40BA-D1F7-4C77-8A76-3AD69CBF748E 
035 |a urn:nbn:sk:snk-am00d2zd 
035 |a SKM000077422 
040 |a SNK  |b slo  |c SNK  |e AACR2 
041 0 |a slo 
044 |a xo  |c SK 
080 |a 929 Psychari, Ernest  |2 1981 
100 1 |a Lepáček, Celestín Alojz,  |d 1905-1955  |4 aut  |9 174229 
245 1 0 |a Ernest Psichari  |b odtlačok z revue Prameň  |c Celestín Lepáček 
260 |a Trnava  |b František Urbánek  |c 1937  |e Trnava  |f Fr. Urbánek 
300 |a 71 s.  |b portrét  |c 24 cm 
490 1 |a Knižnica časopisu Prameň  |v zv. 1 
504 |a Abecedný zoznam mien ; na záložke zoznam edície Prameňa 
600 1 7 |a Psichari, Ernest,  |d 1883-1914  |2 SNKMA  |9 174310 
655 7 |a neperiodické bibliografie  |2 SNKPH  |9 60408 
655 7 |a separáty  |2 SNKPH  |9 70334 
830 0 |a Knižnica časopisu Prameň  |9 555333 
852 |a Slovenská národná knižnica 
958 |a ONDV 
958 |a BX 
958 |a TL 
999 |c 852145  |d 854075 
952 |a SNK  |b SNK  |y VYP  |7 0  |p 17A1542310  |o snkSC 2280/1 D1  |i snkXI. 581/55  |0 0  |1 0  |4 0  |d 2024-02-28  |l 0  |r 2026-02-24 04:45:23  |w 2026-02-24 
952 |a SNK  |b SNK  |y PREZ  |7 0  |p 17A0743223  |o snkSC 2280/1  |i snk1675/37  |0 0  |1 0  |4 0  |d 2018-06-04  |f 1  |l 0  |r 2025-06-11 00:00:00  |w 2026-02-24